[Event "CZE-ch Amateur"]
[Site "Hluk"]
[Date "2023.05.06"]
[Round "1"]
[White "Halousek, Jaroslav"]
[Black "Seidl, Jan1111"]
[Result "0-1"]
[WhiteElo "1597"]
[BlackElo "2102"]
[PlyCount "56"]
[EventDate "2023.05.06"]
[EventType "swiss"]
[EventRounds "9"]
[EventCountry "CZE"]
[SourceTitle "CBM 214 Extra"]
[Source "ChessBase"]
[SourceDate "2023.07.31"]
[SourceVersion "1"]
[SourceVersionDate "2023.07.31"]
[SourceQuality "1"]

1. Nf3 d5 2. g3 Nf6 3. Bg2 c5 4. 0-0 h6 5. d4 cxd4 6. Nxd4 e5 7. Nb3 Nc6 8. c4 Be6 9. cxd5 Nxd5 10. Nc3 Nxc3 11. Qxd8+ Kxd8 12. bxc3 Kc7 13. Be3 Ba3 14. Rab1 b6 15. Bc1 Be7 16. f4 Rad8 17. Bxc6 Kxc6 18. fxe5 Bc4 19. Nd4+ Kb7 20. a4 Rhe8 21. Be3 Bf8 22. a5 Rxe5 23. axb6 axb6 24. Nf5 Rxe3 25. Nxe3 Bc5 26. Rf3 Re8 27. Kf2 Bd5 28. Re1 f5 0-1

[Event "Pardubice Region-chT 2223"]
[Site "Czech Republic"]
[Date "2022.12.11"]
[Round "5.3"]
[White "Pejrimovsky, Tadeas Rubel"]
[Black "Halousek, Jaroslav"]
[Result "1/2-1/2"]
[WhiteElo "1787"]
[BlackElo "1612"]
[PlyCount "83"]
[EventDate "2022.10.09"]
[EventType "team-tourn"]
[EventRounds "11"]
[EventCountry "CZE"]
[SourceTitle "EXT 2024"]
[Source "ChessBase"]
[SourceDate "2023.10.10"]
[SourceVersion "1"]
[SourceVersionDate "2023.10.10"]
[SourceQuality "1"]

1. e4 c5 2. b4 cxb4 3. a3 bxa3 4. Bxa3 Nc6 5. d4 d5 6. e5 g6 7. f4 Nh6 8. Nf3 Bg7 9. c3 0-0 10. Bd3 Bf5 11. 0-0 Bxd3 12. Qxd3 Qd7 13. h3 Rac8 14. Nbd2 Rfd8 15. Rfe1 Na5 16. Ng5 e6 17. Bd6 b6 18. g4 Nc4 19. Nxc4 Rxc4 20. Qg3 Kh8 21. Qh4 a5 22. Nxh7 Kxh7 23. g5 Re8 24. gxh6 Bxh6 25. Reb1 Rxc3 26. Rxb6 Qd8 27. Qxd8 Rxd8 28. Rxa5 Bxf4 29. Rb7 Be3+ 30. Kg2 Bxd4 31. Rxf7+ Kh6 32. Bf8+ Rxf8 33. Rxf8 Bxe5 34. Ra6 Rg3+ 35. Kf1 Rxh3 36. Rxe6 Bc3 37. Rd8 Rh5 38. Red6 d4 39. Rh8+ Kg5 40. Rd5+ Kg4 41. Rhxh5 gxh5 42. Kg2 1/2-1/2

[Event "Pardubice rapid op 33rd"]
[Site "Pardubice"]
[Date "2022.07.20"]
[Round "1"]
[White "Jonsson, Gauti Pall"]
[Black "Halousek, Jaroslav"]
[Result "1-0"]
[WhiteElo "2071"]
[BlackElo "1562"]
[PlyCount "73"]
[EventDate "2022.07.20"]
[EventType "swiss (rapid)"]
[EventRounds "9"]
[EventCountry "CZE"]
[SourceTitle "CBM 209 Extra"]
[Source "ChessBase"]
[SourceDate "2022.09.30"]
[SourceVersion "1"]
[SourceVersionDate "2022.09.30"]
[SourceQuality "1"]

1. e4 c5 2. Nc3 g6 3. d4 cxd4 4. Qxd4 Nf6 5. Bb5 a6 6. e5 axb5 7. exf6 Nc6 8. Qe4 e6 9. Nd5 Ra4 10. Qe3 Rd4 11. Ne7 Bxe7 12. fxe7 Qxe7 13. c3 Rd5 14. Nf3 Qf6 15. 0-0 0-0 16. Re1 d6 17. b3 Nb4 18. Qe2 Nd3 19. Rd1 Nxc1 20. Raxc1 Rxd1+ 21. Qxd1 Bd7 22. Qxd6 Bc6 23. Qe5 Qxe5 24. Nxe5 Rd8 25. Nxc6 bxc6 26. a4 bxa4 27. bxa4 Ra8 28. Ra1 Ra5 29. Kf1 f5 30. Ke2 Kf7 31. Kd3 e5 32. Kc4 Ke6 33. Kb4 Ra8 34. Kc5 e4 35. a5 Kd7 36. a6 f4 37. Kd4 1-0